000 01163nam a22003137a 4500
003 CHAP
005 20220329135114.0
008 971013s1980 r 00010 d
010 _a31011
011 _a31983
035 _a36095
040 _cCHAP
090 _aTesis
100 0 0 _aLivas Calderón, Fernando.
_967193
245 _aComparación de costos de producción en vaquillas de reemplazo raza Holstein en dos sistemas de crianza, realizada en el CIANOC Valle del Guadiana, Durango
260 _aDurango, Dgo. :
_bEl autor,
_c1980
300 _a31 h.
_b: gráfs
502 _aTesis (Médico Veterinario Zootecnista) -- Univ. Juárez del Estado de Durango. Esc. de Medicina Veterianaria y Zootecnia
590 _aALEPH
_b10
_c20130110
_lUCH01
_h1253
590 _aBATCH-UPD
_b10
_c20130110
_lUCH01
_h1312
590 _aBATCH-UPD
_b10
_c20130410
_lUCH01
_h0825
590 _aBATCH-UPD
_b10
_c20130914
_lUCH01
_h1524
590 _aCONVERSION
_b10
_c20130109
_lUCH01
_h1318
650 1 4 _aGanado vacuno
_xCostos de producción.
_945449
650 1 4 _aGanado vacuno
_xDurango.
_945456
901 _aBK
942 _cTESIS
949 _bBC
_cTES
_d-83233
_eTS1
_i36095
_si
999 _c31011
_d31011